000 00755nam a2200193 i 4500
001 22284
003 ES-MaACL
005 20240127062956.0
007 t|
008 021202s1919 it ||||1| ita d
100 0 _aDante Alighieri,
_d1265-1321
_942657
245 1 0 _aTutte le opere /
_cdi Dante Alighieri.
260 _aFirenze :
_bG. Barbéra,
_c1919.
300 _aVI, 453 p., 157 lám. :
_b1 retr. ;
_c19 cm.
505 8 _aContiene: La divina commedia ; Il canzoniere ; Egloghe latine ; La vita nuova ; Il convivio ; De monarchia ; De vulgari eloquentia ; Epistolae ; Quaestio de aqua et terra
595 _aNuovamente rivedute con un copiosissimo indice del contenuto di esse.
852 _aES-MaACL
_jF-10512
999 _c22284
_d22284